000 00588nam a2200193Ia 4500
003 GCL
008 140319s9999 xx 000 0 ara d
040 _aGCL /
_cGCL
082 0 4 _aط
_b214
_bع س
100 1 _aعزالدين فراج
245 1 0 _aالكلمة الطيبة /
_cعزالدين فراج
260 _a[S.N] :
_bدار الفكر العربى
490 _aسلسلة اداب الاسلام
_v0
650 0 4 _aالاسلام
650 0 4 _aالاخلاق الاسلامية
650 0 4 _aالاطفال
650 0 4 _aالاداب الاسلامية
942 _2ddc
_cBK
999 _c56864
_d56864